000 00400cam a2200157ua 4500
041 _aeng
_h
082 _a028.7662
_bPRO/KE
100 _aProckter, C E .
245 _aKempe`s engineers year book for 1963 /
_cC E Prockter.
_hTextual Documents
250 _a68 /
_b.
260 _aLondon :
_bMorgan brothers ltd ,
_c1963.
300 _a1394 ; .
504 _a
942 _cBK
999 _c8841
_d8841